| 000 | 01917nam a2200397 c 4500 | ||
|---|---|---|---|
| 003 | BLK | ||
| 005 | 20190211173224.0 | ||
| 008 | 180410b bul|||||r ||||||| ||bul|| | ||
| 010 | _aKNG00159837000 | ||
| 020 |
_a978-954-01-2722-4 _bиздат.: Просвета |
||
| 040 | _aBLK | ||
| 041 |
_aBUL _cBUL |
||
| 072 | 7 |
_2bullib _aН37 _xОбразование. Педагогика Н |
|
| 080 |
_aПедагогическа психология _b37.015.3 _x _z37.015.3 |
||
| 080 |
_aОтношение на родителите към училище - Разговори между учители и родители; родителски срещи, родителски организации. Вж и 37.06 _b37.018.26 _x _z37.018.26 |
||
| 080 |
_aВъзпитание у дома. Семейно възпитание _b37.018.1 _x _z37.018.1 |
||
| 100 | 1 |
_aИванова, Росица Ангелова _eпърви автор _9368031 |
|
| 139 |
_aИванова, Росица Ангелова _bИ 22 |
||
| 245 | 1 | 0 |
_aУчилището не любимо _bПрез погледа на психолога _cРосица Ангелова Иванова. |
| 257 | _aBGR | ||
| 260 |
_аСофия _bПросвета _c2012 _fСофия : Монт |
||
| 300 |
_a280 с. _c20 см |
||
| 380 | _a3 | ||
| 500 | _aЗагл. на гърба на загл. с.: Училището (не)любимо. | ||
| 650 | 4 |
_aУченици - психология _9258191 |
|
| 650 | 4 |
_aУчебно-възпитателна работа - в училищата _9275740 |
|
| 650 | 4 |
_aСемейно възпитание _9263959 |
|
| 653 | _aпедагогическа психология | ||
| 653 | _aсемейно възпитание | ||
| 659 | _aН | ||
| 852 | _aЦб 268506 | ||
| 856 | 4 |
_qpdf _u |
|
| 856 | 4 |
_qpdf _u |
|
| 942 |
_cKNG _n0 _04 |
||
| 944 |
_aCR _c17.04.2014 _kВиолета_Тройчева |
||
| 944 |
_aED _c01.06.2016 _kГеновева_Генчева |
||
| 999 |
_c153307 _d153307 |
||